[Event "Nordhausen op 13th"]
[Site "Nordhausen"]
[Date "2023.08.04"]
[Round "3"]
[White "Lippert, Daniel"]
[Black "Schuetz, Arne"]
[Result "1-0"]
[WhiteElo "2025"]
[BlackElo "1739"]
[PlyCount "95"]
[EventDate "2023.08.03"]
[EventType "swiss"]
[EventRounds "7"]
[EventCountry "GER"]
[SourceTitle "CBM 215 Extra"]
[Source "ChessBase"]
[SourceDate "2023.09.30"]
[SourceVersion "1"]
[SourceVersionDate "2023.09.30"]
[SourceQuality "1"]

1. e4 e5 2. Nf3 Nf6 3. Nxe5 d6 4. Nf3 Nxe4 5. d4 d5 6. Bd3 Be7 7. 0-0 Nc6 8. Nbd2 Bf5 9. Re1 Nxd2 10. Qxd2 Bxd3 11. Qxd3 0-0 12. Bf4 Bf6 13. Re2 Qd7 14. Be5 Nxe5 15. dxe5 Be7 16. Rd1 c6 17. c4 Rad8 18. cxd5 Qxd5 19. Qxd5 Rxd5 20. Rxd5 cxd5 21. Rc2 b6 22. Rc7 Bc5 23. Rd7 d4 24. Nxd4 Bxd4 25. Rxd4 f6 26. exf6 Rxf6 27. Rd8+ Rf8 28. Rxf8+ Kxf8 29. f4 h5 30. Kf2 Kf7 31. h3 Kf6 32. g4 g6 33. Kf3 Ke6 34. Ke4 b5 35. Kd4 Kd6 36. b4 a6 37. a3 h4 38. f5 gxf5 39. gxf5 Ke7 40. Ke5 Kf7 41. f6 Kf8 42. Ke6 Ke8 43. f7+ Kf8 44. Kf6 a5 45. bxa5 b4 46. a6 bxa3 47. a7 a2 48. a8R# 1-0

[Event "Niedersachsen-ch op-B"]
[Site "Verden an der Aller"]
[Date "2020.01.04"]
[Round "6"]
[White "Schuetz, Arne"]
[Black "Kieselbach, Marvin"]
[Result "1/2-1/2"]
[WhiteElo "1810"]
[BlackElo "1492"]
[PlyCount "66"]
[EventDate "2020.01.02"]
[EventType "swiss"]
[EventRounds "7"]
[EventCountry "GER"]
[SourceTitle "EXT 2023"]
[Source "ChessBase"]
[SourceDate "2022.10.05"]
[SourceVersion "1"]
[SourceVersionDate "2022.10.05"]
[SourceQuality "1"]

1. d4 e6 2. c4 d5 3. Nf3 c6 4. g3 Bd6 5. Bg2 f5 6. 0-0 Nf6 7. b3 0-0 8. Ba3 Ne4 9. Bxd6 Qxd6 10. Qc2 Nd7 11. Ne1 g5 12. f3 Nef6 13. Nd3 g4 14. Nd2 h5 15. Nf4 Rf7 16. Rfe1 h4 17. c5 Qb8 18. Nxe6 Nf8 19. Nxf8 Kxf8 20. Nf1 hxg3 21. Nxg3 Rh7 22. Rf1 Qf4 23. Qd3 Qh6 24. Nxf5 Qxh2+ 25. Kf2 Bxf5 26. Qxf5 Qh4+ 27. Ke3 Re8+ 28. Kd3 Rhe7 29. Rae1 Re3+ 30. Kd2 gxf3 31. Bxf3 Qxd4+ 32. Kc1 Qc3+ 33. Kb1 Qe5 1/2-1/2